Antígona_ ¡cerda! ; Mazurka ; Epílogo / (Record no. 175500)

MARC details
000 -LEADER
campo de control de longitud fija 00704nam a2200241 i 4500
001 - NÚMERO DE CONTROL
campo de control 175500
003 - IDENTIFICADOR DE NÚMERO DE CONTROL
campo de control ES-MaACL
005 - FECHA Y HORA DE LA ÚLTIMA TRANSACCIÓN
campo de control 20250523063416.0
007 - CAMPO FIJO DE DESCRIPCIÓN FÍSICA--INFORMACIÓN GENERAL
campo de control de longitud fija t|
008 - DATOS DE LONGITUD FIJA--INFORMACIÓN GENERAL
campo de control de longitud fija 101102s1983 sp r ||||1| spa d
020 ## - NÚMERO INTERNACIONAL ESTÁNDAR DEL LIBRO
Número Internacional Estándar del Libro 84-86217-00-8
080 ## - NÚMERO DE LA CLASIFICACIÓN DECIMAL UNIVERSAL
Número de la Clasificación Decimal Universal 821.134.2-2"19"
100 1# - ENTRADA PRINCIPAL--NOMBRE DE PERSONA
Nombre de persona Riaza, Luis
9 (RLIN) 96690
245 10 - MENCIÓN DEL TÍTULO
Título Antígona_ ¡cerda! ; Mazurka ; Epílogo /
Mención de responsabilidad, etc. de Luis de Riaza.
260 ## - PUBLICACIÓN, DISTRIBUCIÓN, ETC.
Lugar de publicación, distribución, etc. [S. l. ] :
Nombre del editor, distribuidor, etc. Julia García Verdugo,
Fecha de publicación, distribución, etc. D. L. 1983.
300 ## - DESCRIPCIÓN FÍSICA
Extensión 104 p. ;
Dimensiones 18 cm.
490 1# - MENCIÓN DE SERIE
Mención de serie La avispa. Teatro ;
Designación de volumen o secuencia 4
740 02 - ENTRADA AGREGADA--TÍTULO RELACIONADO/ANALÍTICO NO CONTROLADO
Título relacionado o analítico no controlado Mazurka.
740 02 - ENTRADA AGREGADA--TÍTULO RELACIONADO/ANALÍTICO NO CONTROLADO
Título relacionado o analítico no controlado Epílogo.
830 0# - PUNTO DE ACCESO ADICIONAL DE SERIE-TÍTULO UNIFORME
Título uniforme La avispa. Teatro ;
Designación de volumen o secuencia 4
9 (RLIN) 189783
852 ## - LOCALIZACIÓN
Ubicación ES-MaACL
Número de control de estantería 2264-F-5
Encuadernación Olim P-269
Holdings
Estatus retirado Estado de pérdida Estado de daño No para préstamo Colección Biblioteca de origen Biblioteca actual Ubicación en estantería Fecha de adquisición Fuente de adquisición Total de préstamos Signatura topográfica completa Código de barras Visto por última vez Precio de reemplazo Tipo de ítem Koha
        Colección de folletos Biblioteca del Ateneo de Madrid Biblioteca del Ateneo de Madrid Depósito folletos 02/11/2010     2264-F-5 1184276 23/02/2023 23/02/2023 Folleto